000
00353nam a2200157Ia 4500
999
_c
58
_d
58
003
OSt
005
20190927111610.0
008
190722s9999 xx 000 0 und d
020
_a
978-0123914903
040
_c
maju
100
_a
Peter Barry
245
0
_a
Modern Embeded Computing
260
_a
India
_b
Elsevier
_c
2012
300
_a
518
942
_c
BK
_2
ddc